Os direitos fundamentais e a (in)certeza do direito : (Record no. 133)

MARC details
000 -LÍDER
Campo Fixo de Controle 01073cam a2200277 a 4500
001 - NÚMERO DE CONTROLE
Campo de Controle 133
003 - IDENTIFICAÇÃO DO NÚMERO DE CONTROLE
Campo de Controle BR-CuiBMT
005 - DATA E HORA DA ÚLTIMA ATUALIZAÇÃO
Campo de Controle 20231109213959.0
008 - DADOS FIXOS
Dados Fixos 230818s2020 mgba 000 0 por d
020 ## - INTERNATIONAL STANDARD BOOK NUMBER
Nº do ISBN 9788545007692
040 ## - AGÊNCIA CATALOGADORA
Código da Agência Catalogadora BR-CuiBMT
Agência que transcreveu o registro BR-CuiBMT
080 ## - Nº DA CLASSIFICAÇÃO DECIMAL UNIVERSAL
Nº edição CDU 2007
Nº Class. CDU 342.7
090 ## - NÚMERO DE CHAMADA
Nº classificação 342.7
Cutter C331d
Ano/Edição 2. ed.
100 1# - ENTRADA PRINCIPAL -- AUTOR PESSOAL
Nome pessoal Carvalho Netto, Menelick de
245 13 - TÍTULO PRINCIPAL
Título principal Os direitos fundamentais e a (in)certeza do direito :
Subtítulo a produtividade das tensões principiológicas e a superação do sistema de regras /
Indicação de responsabilidade Menelick de Carvalho Netto, Guilherme Scotti ; prefácio Vera Karam de Chueiri.
246 13 - FORMAS VARIANTES DO TÍTULO
Título principal Os direitos fundamentais e a incerteza do direito :
Subtítulo a produtividade das tensões principiológicas e a superação do sistema de regras
250 ## - EDIÇÃO
Edição 2. ed., rev. e atual.
260 ## - PUBLICAÇÃO, DISTRIBUIÇÃO, ETC.
Local de publicação Belo Horizonte :
Editora Fórum,
Data 2020.
300 ## - DESCRIÇÃO FÍSICA
N. páginas ou volumes 104 p. :
Ilustrações il. ;
Dimensões 22 cm
504 ## - NOTA DE BIBLIOGRAFIA, ETC.
Nota de bibliografia Inclui bibliografia.
650 ## - ASSUNTO TÓPICO
Cabeçalho tópico ou nome geográfico Direitos fundamentais
650 ## - ASSUNTO TÓPICO
Cabeçalho tópico ou nome geográfico Direito constitucional
650 ## - ASSUNTO TÓPICO
Cabeçalho tópico ou nome geográfico Filosofia do direito
700 1# - ENTRADA SECUNDÁRIA -- NOME PESSOAL
Nome pessoal Scotti, Guilherme
942 ## - ELEMENTOS DE ENTRADA ADICIONAIS (KOHA)
Fonte de classificação ou esquema de arquivamento Classificação Decimal Universal
Tipo de item do Koha Livros
Holdings
Estado: removido Estado: perdido Fonte de classificação ou esquema de arquivamento Estado: danificado Indisponível para empréstimo Localização permanente Localização atual Data de aquisição Total Checkouts Número de Chamada completo Código de barras Date last seen Número do exemplar Preço efetivo a partir de Tipo de item (Koha)
    Classificação Decimal Universal     Biblioteca da Escola Superior de Contas do TCE/MT Biblioteca da Escola Superior de Contas do TCE/MT 28/06/2023   342.7 C331d 2. ed. BIBTCEMT23080110 18/08/2023 Ex. 1 18/08/2023 Livros

Powered by Koha